000 00648nam a2200217Ia 4500
008 191130s2004##################000#0#eng##
020 _a9783631529393
040 _aACL
_cACL
082 _a305.42 GLA
100 _aAnnelies, Glander
245 _aThe Queen of Sheba's round table :a study of the most favoured daughters of EVE
_cGlander Annelies
260 _aBern
_bPeter Lang
_c2004
300 _a238 p.:ill;23 c.m
500 _aIncludes bibliographical references
650 _aFemale Wisdom
650 _aNote on Feminists
650 _aSociology
990 _a8606180aac10000c4ca0a942817316f8
991 _a197531
999 _c66389
_d66389